000 00333nam a2200133Ia 4500
005 20260328104312.0
008 260328s9999||||xx |||||||||||||| ||und||
100 _aHeinen, Julian
245 0 _aSpaces of Culture and art. /
_cJulian Heinen
260 _bDeutscher architektur
300 _a268 p.
650 _aMUSEOS
942 _cBK
999 _c10994
_d10994